000
00227nam a22000857a 4500
001
1236001
005
20251001115745.0
245
_a
EGE KIYILARINDAN ESKİ ZAMAN MASALLARI
_c
AHMET ÜNVER
260
_b
GÜNIŞIĞI KİTAPLIĞI YAYINLARI
999
_c
1236001
_d
1236001